000 00523nam a22001817a 4500
005 20260515115022.0
008 240520b |||||||| |||| 00| 0 eng d
020 _a9788193662137
040 _aIN-DiNC
_cIN-DiNC
041 _deng
082 _a301.0954162
_bSOU
245 _aSouthern review/
_ced. by Joydeep Biswas
260 _aGuwahati:
_bAssam College Teachers Association,
_c2018.
300 _axiv, 309p.
650 _aMultidsciplinary book on South Assam
700 _aBiswas, Joydeep
_eEditor
942 _2ddc
_cBK
999 _c11811
_d11811